[Event "SVK-chT2A 2324"]
[Site "Slovakia"]
[Date "2023.10.08"]
[Round "2.7"]
[White "Kaman, Jakub"]
[Black "Mandak, Miroslav"]
[Result "1-0"]
[WhiteElo "1748"]
[BlackElo "1842"]
[PlyCount "131"]
[EventDate "2023.10.07"]
[EventType "team-tourn"]
[EventRounds "11"]
[EventCountry "SVK"]
[SourceTitle "EXT 2025"]
[Source "ChessBase"]
[SourceDate "2024.10.14"]
[SourceVersion "1"]
[SourceVersionDate "2024.10.14"]
[SourceQuality "1"]
[WhiteTeam "Modra II"]
[BlackTeam "Krasnany"]
[WhiteTeamCountry "SVK"]
[BlackTeamCountry "SVK"]

1. e4 c5 2. Nf3 e6 3. Nc3 Nc6 4. Bb5 a6 5. Bxc6 dxc6 6. e5 b5 7. 0-0 c4 8. d3 cxd3 9. cxd3 Bb7 10. Bg5 Qd7 11. Qd2 Rc8 12. d4 c5 13. dxc5 Bxc5 14. Rad1 Qc7 15. Qd3 h6 16. Bh4 g5 17. Bg3 Rd8 18. Qe2 Ne7 19. Rxd8+ Kxd8 20. Ne4 Bxe4 21. Qxe4 Nd5 22. Rd1 Qb7 23. h4 gxh4 24. Bxh4+ Be7 25. Bxe7+ Kxe7 26. Nd4 Kf8 27. Qf3 Qe7 28. Nxe6+ Qxe6 29. Rxd5 Kg7 30. Rd6 Qxe5 31. Rxa6 Qxb2 32. Ra3 Qa1+ 33. Kh2 Qe5+ 34. Qg3+ Qxg3+ 35. Kxg3 Rc8 36. Ra5 Rb8 37. Ra3 Rc8 38. Kf4 Re8 39. Re3 Ra8 40. Re2 Ra3 41. Ke5 b4 42. Rb2 Rd3 43. Ke4 Rd6 44. Ke3 Rb6 45. f3 h5 46. Kd3 h4 47. Kc4 h3 48. gxh3 Rf6 49. Rb3 Rf4+ 50. Kb5 f5 51. Rxb4 Rxf3 52. Rb3 Rf1 53. a4 f4 54. a5 f3 55. a6 f2 56. Rb2 Kg6 57. Kb6 Kg7 58. a7 Ra1 59. Rxf2 Rb1+ 60. Kc7 Rc1+ 61. Kb8 Rb1+ 62. Ka8 Rb4 63. Rc2 Kf8 64. Rc7 Ke8 65. Rb7 Rc4 66. Kb8 1-0